Miasta śródziemnomorskie na mapie - Statystyki

Ogólne statystyki
  • Ten quiz został rozwiązany 7 094 razy
  • Średni wynik to 19 z 40
Odpowiedzi na mapie
Odpowiedzi zakodowano w zielono-czerwonej skali na mapie do tego quizu, zgodnie z poniższymi procentami.
 
Statystyki odpowiedzi
Miasto % Poprawnych
Barcelona
90%
Rzym
89%
Ateny
88%
Neapol
78%
Tunis
76%
Wenecja
74%
Marsylia
70%
Algier
69%
Palermo
68%
Saloniki
64%
Valletta
64%
Aleksandria
63%
Gibraltar
60%
Walencja
58%
Nicea
56%
Trypolis
55%
Split
52%
Tel Awiw-Jafa
51%
Bejrut
49%
Dubrownik
48%
Malaga
46%
Genua
44%
Bari
40%
Palma
39%
Triest
35%
Izmir
33%
Antalya
32%
Ibiza
32%
Cagliari
31%
Katania
29%
Ajaccio
26%
Heraklion
26%
Rodos
25%
Alicante
24%
Korfu
19%
Hajfa
18%
Larnaka
16%
Pafos
16%
Port Said
16%
Bengazi
14%
Nie znaleziono quizów pasujących do podanych kryteriów
Rozkład punktacji
Procent ludzi z każdym wynikiem
Percentyl według liczby udzielonych odpowiedzi
Twoja historia wyników
Nie rozwiązałeś tego quizu